000 00430nam a2200181Ia 4500
001 16749
005 20260306170333.0
008 260306t2007||||xx |||||||||||||| ||und||
041 _aESP
082 _a349.76
_bS724
100 _aSchouppe, Jean-Pierre
_eAUT
245 0 _aDerecho patrimonial canónico
260 _c2007
300 _a237 páginas :
_c24 cm.
650 _aGEN
654 _aCDE
942 _cLIB
_dJUS
_fJUS
_2ddc
_n
999 _c16749
_d16749